000
00269nam a22001217a 4500
008
181009b xxu||||| |||| 00| 0 eng d
041
_a
eng
080
_a
710
100
_a
44
101
_a
ART
245
_a
Bonnard and his Environment
_c
Soby,J.Th
942
_2
udc
_c
BK
999
_c
49238
_d
49238